00271pam a2200133 a 4500020000500000041000500005100001900010245005000029250000900079260000900088300000800097653001400105700001800119 c h aR. M. Harrison aIntroductory Chemistry for the Envn. Sciences aIInd c1995 a373 achemistry aS. J. de Mora